000 00531nam a22001697a 4500
005 20251108171842.0
008 250721s1990 xx 000 0 ara d
082 1 4 _a621.36/عزي
100 1 _aمرزه، عزيز عبود
245 1 0 _aمبادئ و إستخدامات الليزر /
264 1 _aبغداد :
_bدار الشؤون الثقافية العامة،
_c1990.
300 _a256ص
650 1 7 _aأشعة الليزر
700 1 _aالصالح، ضحى قاسم عليوى
942 _2ddc
_cBK
999 _c64274
_d64274